[Event "2nd Samba Cup"]
[Site "Skanderborg DEN"]
[Date "2005.10.14"]
[Round "1"]
[White "Miton,K"]
[Black "Ivanchuk,V"]
[Result "1/2-1/2"]
[WhiteElo "2636"]
[BlackElo "2748"]
[EventDate "2005.10.14"]

1. d4 Nf6 2. c4 e6 3. Nf3 c5 4. d5 d6 5. Nc3 exd5 6. cxd5 g6 7. e4 Bg7 8.
h3 a6 9. Bd3 O-O 10. O-O Nbd7 11. Re1 b5 12. a3 c4 13. Bc2 Nc5 14. Bf4 Bb7
15. Qd2 Qb6 16. Bh6 Rfe8 17. Bxg7 Kxg7 18. Qd4 Ncd7 19. Qxb6 Nxb6 20. Nd4
Nfd7 21. Re3 Nc5 22. Rae1 Re7 1/2-1/2

[Event "2nd Samba Cup"]
[Site "Skanderborg DEN"]
[Date "2005.10.14"]
[Round "1"]
[White "Zhang Pengxiang"]
[Black "Jobava,Ba"]
[Result "1/2-1/2"]
[WhiteElo "2613"]
[BlackElo "2601"]
[EventDate "2005.10.14"]

1. e4 c6 2. d4 d5 3. exd5 cxd5 4. Bd3 Nc6 5. c3 Qc7 6. Ne2 Bg4 7. h3 Bh5 8.
g4 Bg6 9. Bf4 Qd7 10. f3 e6 11. h4 Bd6 12. Bxd6 Qxd6 13. h5 Bxd3 14. Qxd3
Nge7 15. Nd2 O-O 16. O-O-O Rab8 17. Kb1 b5 18. h6 g6 19. Qe3 Nc8 20. Qf4
Qe7 21. Nc1 Nb6 22. Nd3 Rfc8 23. Rhe1 a5 24. g5 Qf8 25. Rc1 Nd7 26. Nb3 Rd8
27. Re2 a4 28. Nbc5 Nxc5 29. Nxc5 Ne7 30. Qc7 Rbc8 31. Qb6 Rb8 32. Qc7 Rbc8
33. Qb6 Rb8 34. Qc7 Rbc8 35. Qa7 Qe8 1/2-1/2

[Event "2nd Samba Cup"]
[Site "Skanderborg DEN"]
[Date "2005.10.14"]
[Round "1"]
[White "Hansen,Cu"]
[Black "Nisipeanu,LD"]
[Result "1/2-1/2"]
[WhiteElo "2607"]
[BlackElo "2707"]
[EventDate "2005.10.14"]

1. c4 c5 2. g3 g6 3. Bg2 Bg7 4. Nc3 Nc6 5. e3 Nh6 6. Nge2 Nf5 7. b3 d6 8.
Bb2 Bd7 9. d3 a6 10. Qd2 O-O 11. O-O Rb8 12. Nf4 b5 13. Ne4 bxc4 14. Bxg7
Nxg7 15. dxc4 a5 16. h4 a4 17. Qc3 Qa5 18. Qb2 Nb4 19. Rfd1 Bc6 20. a3 Na6
21. Nf6+ exf6 22. Bxc6 Nc7 23. Rxd6 axb3 24. Rxf6 Rfd8 25. Bd5 Nxd5 26.
Nxd5 Rxd5 27. cxd5 c4 28. Rc1 c3 29. Rxc3 Qxc3 30. Qxc3 b2 31. Rb6 Rxb6 32.
Qc8+ Ne8 33. Qxe8+ Kg7 34. Qe5+ Kg8 35. Qe8+ Kg7 36. Qe5+ Kg8 1/2-1/2

[Event "2nd Samba Cup"]
[Site "Skanderborg DEN"]
[Date "2005.10.17"]
[Round "4"]
[White "Hansen,Cu"]
[Black "Miton,K"]
[Result "1/2-1/2"]
[WhiteElo "2607"]
[BlackElo "2636"]
[EventDate "2005.10.14"]

1. c4 Nf6 2. Nc3 d5 3. cxd5 Nxd5 4. Nf3 g6 5. Qb3 Bg7 6. d4 Nb6 7. Bg5 h6
8. Bh4 Be6 9. Qc2 Nc6 10. Rd1 O-O 11. e3 Nb4 12. Qb1 Bf5 13. e4 Bg4 14. d5
f5 15. a3 g5 16. Bg3 f4 17. axb4 fxg3 18. hxg3 Rxf3 19. gxf3 Bxf3 20. Rh2
Bxd1 21. Qxd1 Qd6 22. Bh3 c6 23. Be6+ Kh8 24. Kf1 Qe5 25. Qh5 cxd5 26. exd5
Nc4 27. Qg6 Qf6 28. Qxf6 Bxf6 29. Rxh6+ Kg7 30. Rh1 a5 31. bxa5 Rxa5 32.
Kg2 Nd6 33. Rd1 1/2-1/2

[Event "2nd Samba Cup"]
[Site "Skanderborg DEN"]
[Date "2005.10.17"]
[Round "4"]
[White "Timofeev,Arty"]
[Black "Hansen,LB"]
[Result "1-0"]
[WhiteElo "2658"]
[BlackElo "2565"]
[EventDate "2005.10.14"]

1. e4 d6 2. d4 Nf6 3. Nc3 e5 4. dxe5 dxe5 5. Qxd8+ Kxd8 6. Bg5 Bd6 7. O-O-O
Nbd7 8. Nf3 Ke8 9. Nb5 a6 10. Nxd6+ cxd6 11. Nd2 h6 12. Be3 b5 13. f3 Nc5
14. Nb1 Ke7 15. Nc3 Be6 16. g4 Nfd7 17. h4 f6 18. Rh2 Rac8 19. b4 Nb7 20.
Nd5+ Bxd5 21. exd5 a5 22. a3 e4 23. fxe4 Ne5 24. Bd4 Nc4 25. Rh3 axb4 26.
axb4 Ra8 27. Bxc4 bxc4 28. Kd2 Ra4 29. Rb1 Kd7 30. Bc3 Re8 31. Re3 Nd8 32.
g5 hxg5 33. hxg5 fxg5 34. Rf1 Re7 35. Rf8 Nf7 36. b5 Kc7 37. Bxg7 Kb6 38.
Bd4+ Kxb5 39. Rb8+ Ka5 40. Re1 1-0

[Event "2nd Samba Cup"]
[Site "Skanderborg DEN"]
[Date "2005.10.18"]
[Round "5"]
[White "Zhang Pengxiang"]
[Black "Hansen,Cu"]
[Result "1/2-1/2"]
[WhiteElo "2613"]
[BlackElo "2607"]
[EventDate "2005.10.14"]

1. e4 c6 2. d4 d5 3. exd5 cxd5 4. c4 Nf6 5. Nc3 e6 6. Nf3 Be7 7. Bd3 O-O 8.
O-O dxc4 9. Bxc4 a6 10. Ne5 Nc6 11. Be3 Bd7 12. Rc1 Rc8 13. Bb3 Na5 14. d5
Nxb3 15. Qxb3 Bd6 16. Nxd7 Qxd7 17. dxe6 Qxe6 18. Qxe6 fxe6 19. Rfd1 Be5
1/2-1/2

[Event "2nd Samba Cup"]
[Site "Skanderborg DEN"]
[Date "2005.10.20"]
[Round "6"]
[White "Hansen,LB"]
[Black "Miton,K"]
[Result "1/2-1/2"]
[WhiteElo "2565"]
[BlackElo "2636"]
[EventDate "2005.10.14"]

1. d4 d5 2. Nf3 Nf6 3. c4 c6 4. Qc2 dxc4 5. Qxc4 Bg4 6. Nbd2 Qa5 7. Qb3 Qb6
8. Nc4 Qxb3 9. axb3 Nbd7 10. Nfe5 Nxe5 11. dxe5 Nd7 12. e4 g6 13. Be3 Bg7
14. f4 Be6 15. Be2 O-O 16. Na5 f6 17. g4 fxe5 18. f5 Bf7 19. Nxb7 Rfb8 20.
Na5 gxf5 21. gxf5 Nf6 22. Rg1 Kh8 23. Bd3 Rd8 24. Bc2 Bh5 25. h3 e6 26.
fxe6 Re8 27. Nb7 Rxe6 28. Nc5 Rd6 29. Nb7 Rd7 30. Nc5 Rd6 31. Nb7 Rd7 32.
Nc5 Rd6 1/2-1/2

[Event "2nd Samba Cup"]
[Site "Skanderborg DEN"]
[Date "2005.10.20"]
[Round "6"]
[White "Timofeev,Arty"]
[Black "Zhang Pengxiang"]
[Result "1/2-1/2"]
[WhiteElo "2658"]
[BlackElo "2613"]
[EventDate "2005.10.14"]

1. e4 c5 2. Nf3 e6 3. d4 cxd4 4. Nxd4 Nf6 5. Nc3 Nc6 6. Nxc6 bxc6 7. e5 Nd5
8. Ne4 Bb7 9. c4 Nb4 10. c5 Ba6 11. Bxa6 Nxa6 12. Qd4 Be7 13. Bd2 O-O 14.
Rd1 Nc7 15. Ba5 Qb8 16. Bxc7 Qxc7 17. O-O Rab8 18. b3 Rb7 19. Rd2 a5 20. f3
f5 21. exf6 gxf6 22. Qe3 Qe5 23. Qf2 f5 24. Nd6 Bxd6 25. Rxd6 f4 26. Qd4
Qxd4+ 27. Rxd4 Rf5 28. Rc1 Kf7 29. Rcc4 e5 30. Rd3 Ke7 31. a3 Rg5 32. Kf2
Rh5 33. Re4 Rb5 34. b4 axb4 35. axb4 Rb8 36. Rd2 Rg8 37. Kf1 Rgg5 38. Kg1
Rg6 39. Re1 d5 40. b5 Rg8 41. bxc6 Ke6 42. Rb2 Rc8 43. Rb6 Rc7 44. g3 Rf5
45. Rb8 fxg3 46. Re8+ Kf7 47. R8xe5 gxh2+ 48. Kxh2 Rxf3 49. Rxd5 Rxc6 50.
Rd7+ Kf6 51. Rxh7 1/2-1/2

[Event "2nd Samba Cup"]
[Site "Skanderborg DEN"]
[Date "2005.10.21"]
[Round "7"]
[White "Jobava,Ba"]
[Black "Timofeev,Arty"]
[Result "1-0"]
[WhiteElo "2601"]
[BlackElo "2658"]
[EventDate "2005.10.14"]

1. d4 d5 2. c4 e6 3. Nf3 c6 4. Qc2 Nf6 5. Bg5 h6 6. Bh4 dxc4 7. Qxc4 b5 8.
Qc2 Bb7 9. e3 Nbd7 10. Bd3 Rc8 11. O-O Be7 12. Qe2 O-O 13. Rd1 a6 14. a4
Nd5 15. Bxe7 Qxe7 16. Nc3 Nb4 17. Be4 Rc7 18. Nd2 bxa4 19. Rxa4 c5 20. dxc5
Qxc5 21. Bxb7 Rxb7 22. Nde4 Qc7 23. Nd6 Nc5 24. Ncb5 axb5 25. Rxb4 Rb6 26.
Nxb5 Qb8 27. Rc1 Rc8 28. h4 e5 29. Qc4 e4 30. h5 Rcc6 31. Qd5 Na6 32. Rxc6
Rxc6 33. Qxc6 Nxb4 34. Qd7 Qe5 35. Nd6 Kh7 36. Nf5 Qf6 37. Ng3 Qxb2 38.
Qxf7 Qa1+ 39. Kh2 Qe5 40. Qg6+ Kh8 41. Qxe4 Qd6 42. Qd4 Qf8 43. Qd7 Na6 44.
Ne4 Nb8 45. Qe6 Qd8 46. Kh3 Nd7 47. Nd6 1-0

[Event "2nd Samba Cup"]
[Site "Skanderborg DEN"]
[Date "2005.10.22"]
[Round "8"]
[White "Miton,K"]
[Black "Zhang Pengxiang"]
[Result "1/2-1/2"]
[WhiteElo "2636"]
[BlackElo "2613"]
[EventDate "2005.10.14"]

1. d4 d5 2. c4 c6 3. e3 a6 4. Nf3 Nf6 5. Nc3 b5 6. b3 Bg4 7. Be2 e6 8. O-O
Nbd7 9. Bb2 Bd6 10. h3 Bf5 11. Bd3 Bg6 12. Rc1 O-O 13. Bxg6 hxg6 14. Qe2
Qa5 15. Ba1 dxc4 16. bxc4 b4 17. c5 Bc7 18. Nb1 Rfe8 19. Qc2 Qb5 20. Nbd2
1/2-1/2

[Event "2nd Samba Cup"]
[Site "Skanderborg DEN"]
[Date "2005.10.22"]
[Round "8"]
[White "Timofeev,Arty"]
[Black "Ivanchuk,V"]
[Result "1/2-1/2"]
[WhiteElo "2658"]
[BlackElo "2748"]
[EventDate "2005.10.14"]

1. e4 e6 2. d4 d5 3. Nc3 Bb4 4. Nge2 dxe4 5. a3 Be7 6. Nxe4 Nf6 7. N2g3 O-O
8. c3 Nxe4 9. Nxe4 Qd5 10. Qf3 b6 11. Bf4 Bb7 12. Bd3 c5 13. Qg3 Nd7 14.
Bh6 g6 15. Bxf8 Rxf8 16. dxc5 f5 17. Nd2 f4 18. Qf3 Qe5+ 19. Qe2 Bxg2 20.
Rg1 Nxc5 21. Bc4 Qxe2+ 22. Bxe2 Bc6 23. O-O-O f3 24. Bc4 b5 25. Ba2 Bh4 26.
Kc2 Bxf2 27. Rgf1 Bh4 28. b4 Na4 29. Bxe6+ Kg7 30. c4 f2 31. Bd5 Bxd5 32.
cxd5 Rc8+ 33. Kb3 Rc3+ 34. Ka2 Re3 35. Nb1 Re2+ 36. Rd2 Nc3+ 37. Kb3 Rxd2
38. Nxd2 Nxd5 39. Rb1 Ne3 40. Kc3 h5 41. Kd3 Bg5 42. Ke2 a6 43. Rb3 f1=Q+
44. Nxf1 Nc4 45. Ng3 Bc1 46. Ne4 Bxa3 47. Nd2 Bc1 48. Nxc4 bxc4 49. Rc3 Bf4
50. h3 Bd6 51. Rxc4 Kf6 52. Kd3 g5 53. Ke4 Ke6 54. Rc6 Kd7 55. Rxa6 Bxb4
56. Rh6 h4 57. Kd5 Bd2 58. Rh7+ Kd8 59. Kd6 Bf4+ 60. Ke6 Kc8 61. Rd7 Bg3
62. Rd5 Bf4 63. Rc5+ Kd8 64. Rc4 Bh2 65. Rc3 Bg3 66. Rc2 Bf4 67. Rc5 Be3
68. Rd5+ Kc7 69. Rd7+ Kc6 70. Rd3 1/2-1/2

[Event "2nd Samba Cup"]
[Site "Skanderborg DEN"]
[Date "2005.10.23"]
[Round "9"]
[White "Ivanchuk,V"]
[Black "Hansen,LB"]
[Result "1-0"]
[WhiteElo "2748"]
[BlackElo "2565"]
[EventDate "2005.10.14"]

1. e4 c6 2. d4 d5 3. e5 c5 4. dxc5 Nc6 5. Nf3 Bg4 6. Bb5 e6 7. b4 Nge7 8.
Nbd2 g6 9. h3 Bxf3 10. Nxf3 Bg7 11. Rb1 a5 12. a3 axb4 13. axb4 O-O 14. Bf4
Qc7 15. O-O Nxe5 16. Kh1 N7c6 17. c4 dxc4 18. Qe2 f6 19. Bxc4 Qf7 20. b5
Nxc4 21. bxc6 Na5 22. cxb7 Nxb7 23. c6 Na5 24. Rfc1 e5 25. Be3 Nb3 26. Rc3
Nd4 27. Nxd4 exd4 28. Bxd4 Rfe8 29. Qf3 Rac8 30. Rbc1 f5 31. Bxg7 Kxg7 32.
c7 Re4 33. Qd3 Qe7 34. Qd1 Re6 35. Qd4+ Kf7 36. Rc6 Re4 37. Qd2 Kg7 38. Rd6
Re2 39. Qd4+ Kh6 40. Rd7 Re1+ 41. Kh2 Qe5+ 42. Qxe5 Rxe5 43. Rd8 1-0